Представление документа в формате RUSMARC

ПолеНазваниеЗначение
  Тип записи a
  Библиографический уровень m
001 Контрольный номер RU/УГОНБ/EK/108152
005 Дата корректировки 20260414164810.7
010 Индекс ISBN __
9 Тираж 65000 экз.
100 Данные общей обработки __
a Данные общей обработки 20071225d2007 u u0rusy0189 ca
101 Язык документа 0_
a Язык текста rus
105 Кодированные данные (монография) __
a Кодированные данные (монография) a f 000yy
200 Заглавие и сведения об ответственности 1_
a Заглавие Гермафродит - Григорьев
210 Выходные данные 1_
d Дата издания 2007
215 Физическое описание __
d Формат 29 см
a Объем 766 с.
c Иллюстрации/тип воспроизводства ил., цв. ил., порт., табл.
461 Уровень набора _0
1 2001
a Большая Российская энциклопедия
e в 30 томах
f редакторы Ю. С. Осипов, С. Л. Кравец
v Т. 7
1 2101
a Москва
c БРЭ
d 2005-
1 001UONB/MAIN/d2879593daba42de9df2d8a0164bcf22
1 203
a Текст
b визуальный
c непосредственный
1 215
d 29 см
607 Географические рубрики __
a Географическое наименование Россия
j Формальный подзаголовок Энциклопедии
610 Ключевые слова 0_
a Ключевые слова энциклопедии по России; Большая Российская энциклопедия
686 Индексы других классификаций __
a Классификационный индекс 92.0
2 Код системы rubbk
801 Источник записи _0
a Страна RU
b Организация Ульяновская ОНБ
c Дата составления 20071225
g Правила каталогизации RCR
801 Источник записи _1
a Страна RU
b Организация Ульяновская ОНБ
c Дата составления 20071225
g Правила каталогизации RCR
901 Тип документа __
t Тип документа n
w Контрольный № источника UONB/MAIN/d2879593daba42de9df2d8a0164bcf22
910 Корректоры записи __
a Корректор записи Седова
970 Признак ограниченного доступа __
a Фамилия Гребенщиков
b Имя (инициалы) Б. Б.
g Полное личное имя Борис Борисович
f Иностранный агент (физическое лицо)
e 30.06.2023
996 Контроль за деятельностью лиц, находящихся под иностранным влиянием __
b Текстовое указание НАСТОЯЩИЙ МАТЕРИАЛ (ИНФОРМАЦИЯ) ПРОИЗВЕДЁН, РАСПРОСТРАНЁН И (ИЛИ) НАПРАВЛЕН ИНОСТРАННЫМ АГЕНТОМ ГРЕБЕНЩИКОВЫМ БОРИСОМ БОРИСОВИЧЕМ ЛИБО КАСАЕТСЯ ДЕЯТЕЛЬНОСТИ ИНОСТРАННОГО АГЕНТА ГРЕБЕНЩИКОВА БОРИСА БОРИСОВИЧА